50 most popular surnames in the world - Statistics

General Stats
  • This quiz has been taken 202 times
  • The average score is 12 of 50
Answer Stats
Rank Surname Incidence % Correct
2 Li 104M
70%
4 Chen 74M
68%
1 Wang 107M
59%
25 Kim 18M
58%
48 Mohammad 10M
56%
18 Ma 21M
54%
16 Nguyen 24M
52%
27 Hu 16M
42%
10 Wu 35M
42%
47 Garcia 10M
38%
17 Khan 22M
37%
9 Singh 35M
37%
24 Lin 18M
36%
26 He 18M
33%
19 Lu 21M
32%
3 Zhang 97M
32%
13 Ali 30M
31%
7 Yang 47M
31%
5 Liu 74M
30%
23 Yu 19M
26%
46 Han 10M
25%
49 Tan 10M
22%
22 Sun 19M
21%
41 Mohamed 12M
18%
30 Ahmed 16M
17%
44 Song 11M
17%
15 Zhou 27M
15%
20 Zhu 19M
15%
12 Xu 31M
14%
8 Huang 36M
13%
37 Tang 12M
13%
43 Shi 11M
12%
40 Wei 12M
11%
35 Zheng 13M
11%
39 Das 12M
10%
14 Zhao 28M
10%
6 Devi 71M
8%
28 Jiang 16M
8%
11 Kumar 31M
8%
36 da Silva 13M
7%
38 Liang 12M
7%
50 Deng 9M
6%
45 Xie 11M
6%
34 Gao 14M
5%
29 Guo 16M
4%
42 Islam 11M
4%
32 Luo 14M
4%
31 Khatun 15M
1%
33 Akter 14M
0%
21 Maung 19M
0%
No matching quizzes found
Score Distribution
Percent of People with Each Score
Percentile by Number Answered
Your Score History
You have not taken this quiz